Countries of Europe That End in a Vowel - Statistics

General Stats
  • This quiz has been taken 81 times
    80 since last reset
  • The average score is 27 of 30
Answer Stats
Vowel ending Size (Sq km) Answer % Correct
A 17,098,242 sq km Russia
96%
A 49,035 sq km Slovakia
96%
Y 302,073 sq km Italy
94%
A 110,994 sq km Bulgaria
93%
A 45,339 sq km Estonia
93%
E 551,695 sq km France
93%
A 83,871 sq km Austria
91%
E 131,957 sq km Greece
91%
Y 93,026 sq km Hungary
91%
A 64,589 sq km Latvia
91%
A 238,397 sq km Romania
91%
A 20,273 sq km Slovenia
91%
A 28,748 sq km Albania
90%
A 468 sq km Andorra
90%
A 51,209 sq km Bosnia and Herzegovina
90%
Y 357,592 sq km Germany
90%
A 65,300 sq km Lithuania
88%
O 2 sq km Monaco
88%
A 88,499 sq km Serbia
88%
E 603,628 sq km Ukraine
88%
A 316 sq km Malta
87%
Y 385,207 sq km Norway
87%
A 56,594 sq km Croatia
86%
A 33,846 sq km Moldova
84%
O 61.2 sq km San Marino
84%
A 78,867 sq km Czechia
83%
O 10,887 sq km Kosovo
83%
O 13,812 sq km Montenegro
83%
A 25,713 sq km North Macedonia
81%
Y 0.44 sq km Vatican City
74%
No matching quizzes found
Score Distribution
Percent of People with Each Score
Percentile by Number Answered
Your Score History
You have not taken this quiz since the last reset